00491nam a2200181 a 4500001001300000003000900013005001700022008004100039020002200080082001500102100002600117245002900143260004100172300000900213500003500222650002600257700002600283nice12345678IN_TiNIC20260116014146.0140218s2009 dela grp 000 0 eng  a8171012701 c7000a232.9bATA aAtaur Rahim, Muhammed aJesus a Prophet of Islam aDelhibIdara Ishaat-E-diniyat c2009 a286p aincludes index and biblioraphy aJesus Christ in Islam1 aAtaur Rahim, Muhammed